| 000 | 00444nam a2200133Ia 4500 | ||
|---|---|---|---|
| 008 | 170221s9999 xx 000 0 und d | ||
| 100 | _aYu (Aimee) Zhang, | ||
| 245 | 4 | _aThe Roles of Size and Size Difference in Australian and Chinese Inter-firm Collaborations | |
| 245 | _cYu (Aimee) Zhang, Zhiming Cheng, and Charles Harvie | ||
| 260 | _c2016 | ||
| 300 | _a15 : 21 | ||
| 650 | _xBusiness | ||
| 856 | _uhttp://ro.uow.edu.au/aabfj/vol7/iss2/4/ | ||
| 999 |
_c311745 _d311745 |
||